| 000 | 00672nam a2200229 a 4500 | ||
|---|---|---|---|
| 001 | BRL_883 | ||
| 005 | 20190320210935.0 | ||
| 008 | 231013s1961----mx-a######---#000-0#spa-# | ||
| 041 | _aspa | ||
| 044 | _amx | ||
| 050 | 4 |
_aF1219.1.T13 _b.P45 1961 |
|
| 100 | 1 |
_aPellicer, Carlos _97681 |
|
| 245 | 1 | 0 |
_aMuseos de Tabasco _bGuía oficial _cpor Carlos Pellicer. |
| 260 |
_aMéxico, D.F. _bInstituto Nacional de Antropología e Historia _c1961 |
||
| 300 |
_a42 p. _bil., mapas _c20 cm. |
||
| 500 | _aAu1061 | ||
| 610 | 2 | 4 |
_aMuseo de Tabasco _925233 |
| 610 | 2 | 4 |
_aParque-Museo de La Venta _925234 |
| 650 | 1 | 4 |
_aMuseos _zTabasco (México) _925235 |
| 902 | _aGRL | ||
| 942 |
_2lcc _cB |
||
| 999 |
_c9695 _d9695 |
||